Mitigating the impacts of the financial and economic crisis in Africa : (Record no. 11109)

MARC details
000 -LEADER
fixed length control field 00540nam a22001457a 4500
003 - CONTROL NUMBER IDENTIFIER
control field OSt
005 - DATE AND TIME OF LATEST TRANSACTION
control field 20211010071235.0
008 - FIXED-LENGTH DATA ELEMENTS--GENERAL INFORMATION
fixed length control field 211010b |||||||| |||| 00| 0 eng d
020 ## - INTERNATIONAL STANDARD BOOK NUMBER
International Standard Book Number 9782296107311
040 ## - CATALOGING SOURCE
Transcribing agency HU
082 ## - DEWEY DECIMAL CLASSIFICATION NUMBER
Classification number 330
245 ## - TITLE STATEMENT
Title Mitigating the impacts of the financial and economic crisis in Africa :
Remainder of title proceedings of the workshop on 'The global financial and economic crisis : strategies for mitigating its impacts on Africa' : held on 10th April 2009 in Tunis, Tunisia
300 ## - PHYSICAL DESCRIPTION
Extent 211
Other physical details PC
Dimensions 24cm
942 ## - ADDED ENTRY ELEMENTS (KOHA)
Source of classification or shelving scheme Dewey Decimal Classification
Koha item type Books like text book referance book
Suppress in OPAC No
Holdings
Withdrawn status Lost status Source of classification or shelving scheme Damaged status Not for loan Collection code Home library Current library Shelving location Date acquired Total Checkouts Full call number Barcode Date last seen Copy number Price effective from Koha item type
    Dewey Decimal Classification     Reference Wondo Genet Library Wondo Genet Library General Stacks 10/10/2021   330 MIT 2009 WGCFNRL00004068 10/10/2021 1 10/10/2021 Books like text book referance book
    Dewey Decimal Classification     Reference Wondo Genet Library Wondo Genet Library General Stacks 10/10/2021   330 MIT 2009 WGCFNRL00004069 10/10/2021 2 10/10/2021 Books like text book referance book
    Dewey Decimal Classification     Reference Wondo Genet Library Wondo Genet Library General Stacks 10/10/2021   330 MIT 2009 WGCFNRL00004070 10/10/2021 3 10/10/2021 Books like text book referance book
    Dewey Decimal Classification     Reference Wondo Genet Library Wondo Genet Library General Stacks 10/10/2021   330 MIT 2009 WGCFNRL00004071 10/10/2021 4 10/10/2021 Books like text book referance book
    Dewey Decimal Classification     Reference Wondo Genet Library Wondo Genet Library General Stacks 10/10/2021   330 MIT 2009 WGCFNRL00004072 10/10/2021 5 10/10/2021 Books like text book referance book